Województwa Polski w 1931 roku. - Statystyki

Ogólne statystyki
  • Ten quiz został rozwiązany 140 razy
  • Średni wynik to 11 z 17
Statystyki odpowiedzi
# Ludność Województwo % Poprawnych
4. 2.529.228 Warszawskie
92%
1. 3.127.409 Lwowskie
88%
7. 2.106.500 Poznańskie
88%
6. 2.297.802 Krakowskie
86%
16. 1.080.138 Pomorskie
84%
12. 1.295.027 Śląskie
83%
3. 2.632.010 Łódzkie
81%
13. 1.275.939 Wileńskie
79%
5. 2.464.936 Lubelskie
71%
2. 2.935.697 Kieleckie
63%
9. 1.643.844 Białostockie
58%
8. 2.085.574 Wołyńskie
56%
11. 1.480.285 Stanisławowskie
47%
15. 1.131.939 Poleskie
38%
17. 1.057.147 Nowogródzkie
37%
10. 1.600.406 Tarnopolskie
37%
14. 1.171.898 Miasto Stołeczne Warszawa
30%
Nie znaleziono quizów pasujących do podanych kryteriów
Rozkład punktacji
Procent ludzi z każdym wynikiem
Percentyl według liczby udzielonych odpowiedzi
Twoja historia wyników
Nie rozwiązałeś tego quizu